Normal view
MARC view
- BROWN, MARTIN , HARRIS, CHRIS
Entry Personal Name
001 - CONTROL NUMBER
- control field: 67612
003 - CONTROL NUMBER IDENTIFIER
- control field: NUST
005 - DATE AND TIME OF LATEST TRANSACTION
- control field: 20210628203847.0
008 - FIXED-LENGTH DATA ELEMENTS
- fixed length control field: 210628|| aca||aabn | a|a d
040 ## - CATALOGING SOURCE
- Original cataloging agency: NUST
- Transcribing agency: NUST
100 ## - HEADING--PERSONAL NAME
- Personal name: BROWN, MARTIN , HARRIS, CHRIS
670 ## - SOURCE DATA FOUND
- Source citation: Work cat.: (NUST): BROWN, MARTIN , HARRIS, CHRIS, NEURO FUZZY ADAPTIVE MODELLING AND CONTROL, 1994
